000 00361nam a2200145Ia 4500
008 150201s2002 xx 000 0 und d
082 _a617.6
_bS2002M
100 _aMcLAUGHLIN,bennett
245 _aSYSTEMIZED ORTHODONTICS TREATMENT MAN...
250 _a1ST
260 _bMOSBY
_aSPAIN
_c2002
300 _a1-325
650 _aORTHODONTICS
942 _2ddc
_cBK
_02
999 _c3518
_d3518